| 000 | 00612nam a2200193 u 4500 | ||
|---|---|---|---|
| 005 | 20210223131427.0 | ||
| 008 | 101208s2007 es r 000 0 spa d | ||
| 020 | _a9788483224007 | ||
| 035 | _aUPN01000178908 | ||
| 049 | _aCG | ||
| 050 | 4 |
_aTS155 _bR6.6 |
|
| 100 | 1 |
_aRodríguez Fernández, María Mercedes _941175 |
|
| 245 | 1 | 0 |
_aProcesos de trabajo, teoría y casos prácticos / _cMa. Mercedes Rodríguez Fernández. |
| 260 |
_aMadrid : _bPearson, _cc2007. |
||
| 300 |
_a253 p. : _bil. |
||
| 650 | 4 |
_aPRODUCCION - _xADMINISTRACION _913583 |
|
| 650 | 4 |
_aPLANIFICACION DE LA PRODUCCION _97506 |
|
| 905 | _aLibro | ||
| 999 |
_c151011 _d151011 |
||